Trouve Les Noms De Ces Planètes Dans Star Wars. - Statistiques

Statistiques générales
  • Ce quiz a été pris 61 fois
  • Le résultat moyen est 5 sur 16
Statistiques - réponses
Par images Réponse % Correct
Mustafar
86%
Tatooine
86%
Coruscant
82%
Naboo
75%
Utapau
34%
Kashyyyk
27%
Felucia
23%
Takodana
18%
Ryloth
11%
Mon Cala
9%
Rodia
5%
Raxus
2%
Vanqor
2%
Kadavo
0%
Ruusan
0%
Vassek
0%
Aucun quiz correspondant
Distribution des résultats
% des personnes avec chaque résultat
Percentile par nombre de réponses
Votre historique - résultats
Vous n’avez pas pris ce quiz